Sports Quiz

Random Sports or Baseball Quiz

Angels Franchise 25+ HRs Single Season Quiz Stats

 Plays Quiz Updated Oct 3, 2019

Score 0/75 Timer 06:00
4 Plays Today
HRs Player % Correct
45Mike Trout
98.4%
30Mike Trout
97.1%
27Mike Trout
97.1%
36Mike Trout
97.1%
41Mike Trout
97.1%
29Mike Trout
97.1%
33Mike Trout
97.1%
39Mike Trout
96.7%
30Albert Pujols
90.1%
28Albert Pujols
90.1%
40Albert Pujols
90.1%
31Albert Pujols
90.1%
47Troy Glaus
79.3%
29Troy Glaus
79.3%
41Troy Glaus
79.3%
30Troy Glaus
79.3%
31Tim Salmon
77.6%
34Tim Salmon
77.6%
30Tim Salmon
77.6%
33Tim Salmon
77.6%
26Tim Salmon
77.6%
34Tim Salmon
77.6%
35Garrett Anderson
76.4%
28Garrett Anderson
76.4%
29Garrett Anderson
76.4%
29Garrett Anderson
76.4%
39Reggie Jackson
73.2%
25Reggie Jackson
73.2%
27Reggie Jackson
73.2%
39Vladimir Guerrero
70.4%
32Vladimir Guerrero
70.4%
27Vladimir Guerrero
70.4%
33Vladimir Guerrero
70.4%
27Vladimir Guerrero
70.4%
33Jim Edmonds
55.7%
27Jim Edmonds
55.7%
26Jim Edmonds
55.7%
25Jim Edmonds
55.7%
HRs Player % Correct
25Don Baylor
52.7%
34Don Baylor
52.7%
36Don Baylor
52.7%
25Darin Erstad
49.6%
33Kole Calhoun
46.6%
30Bobby Grich
43.4%
34Wally Joyner
43%
33Mo Vaughn
40.6%
36Mo Vaughn
40.6%
27Chili Davis
38.9%
26Chili Davis
38.9%
28Chili Davis
38.9%
28Brian Downing
38.8%
29Brian Downing
38.8%
25Brian Downing
38.8%
29Mark Trumbo
36.3%
32Mark Trumbo
36.3%
34Mark Trumbo
36.3%
30Doug DeCinces
33.3%
26Doug DeCinces
33.3%
25Ken Hunt
32.7%
30Justin Upton
31.6%
26Kole Calhoun
30.1%
34Kendrys Morales
29.6%
28Dave Winfield
25.2%
26Mike Napoli
22.4%
26Lee Thomas
20.5%
30Frank Robinson
19.4%
37Bobby Bonds
19%
28Leon Wagner
17.3%
37Leon Wagner
17.3%
26Leon Wagner
17.3%
25Vernon Wells
16.4%
25Juan Rivera
10.5%
27Jose Guillen
10.4%
27Tony Phillips
10%
25Don Mincher
6.7%

You're not logged in!

Compare scores with friends on all Sporcle quizzes.
OR
Log In

Sporcle TV

Today on Sporcle TV


Watch our educational content, quiz creation guides, and fun videos on Sporcle TV.

Show Comments

Extras

Top Quizzes Today


Score Distribution

Your Account Isn't Verified!

In order to create a playlist on Sporcle, you need to verify the email address you used during registration. Go to your Sporcle Settings to finish the process.

Report this User

Report this user for behavior that violates our Community Guidelines.

Details: